000 01329nam a2200325 4500
005 20240530110410.0
008 150215s 2011xxucfo a 001 0 ara d
017 _a22630/2007
_bمصر . دار الكتب المصرية
020 _a9771441655
040 _aEG-CaGPL
041 0 _aara
082 0 4 _221
_a502
_bط/ف ن
100 1 _aفيلان ، جلين
_qجلين فلين
245 1 2 _aقتل الجراثيم انقاذ للارواح :
_bالبحث عن اول اللقاحات /
_cتاليف جلين فيلان ؛ ترجمة حمدى عباس ؛ اشراف داليا محمد ابراهيم
250 _aط2
260 _aالقاهرة :
_bنهضة مصر للطباعة والنشر والتوزيع ،
_c2011
300 _a55 ص :
_bايض ؛
_c28 سم
490 1 _aناشيونال جيوجرافيك : طلب العلم
600 0 4 _aلويس باستر
650 0 4 _aاللقاحات
_xاختيار
650 0 4 _aالتطعيم
650 0 4 _aالعدوى والامراض المعدية
650 0 4 _aالمناعة ضد الامراض
650 0 4 _aاللقاحات
_xمعايير
650 0 4 _aادوار جينى
700 0 _aحمدى عباس
_eمترجم
700 0 _aداليا محمد ابراهيم
_eمشرف
942 _2ddc
_cBK
999 _c60443
_d60443